00639nam a22002054a 450000500170000000800410001701000140005802000100007203500130008203700150009504000180011008200120012810000190014024500860015924600310024526000410027627000590031730000230037665000340039920080903163048.0080128s2008 ii abf b 001 0 eng  aENG-92563 c90.00 aEN-76096 bDBAD / PUB adplbEnglish  a005.133 aSumathi, K.S.  a101 C programs:ban indispensable book for every C programmer /cby K.S. Sumathi  aOne hundred one C programs aPondicherry bJaya Publishers c2008 aNo. 32, Ellaiamman Koil Street, bPondicherry e605001 a147p. c30cm (pbk) aC (Computer program language)